| 000 | 00414nam a2200169Ia 4500 | ||
|---|---|---|---|
| 008 | 230711s9999||||xx |||||||||||||| ||und|| | ||
| 041 | _aENG | ||
| 082 |
_a4 _bYE-F |
||
| 100 | _aYen,John | ||
| 245 | 0 | _aFuzzy logic : intelligence control and information | |
| 250 | _a1st . Ed. | ||
| 260 |
_c2006 _aNew Delhi _bPearson |
||
| 300 | _a530 | ||
| 650 | _aComputer Engineering | ||
| 700 | _aLangari,Reza | ||
| 942 | _cBK | ||
| 999 |
_c4328 _d4328 |
||